[Event "Hampshire Open"]
[Site "Fareham"]
[Date "2023.11.05"]
[Round "5.1"]
[White "Cave, Iwan"]
[Black "Bird, Tom"]
[Result "1/2-1/2"]
[WhiteElo "2212"]
[BlackElo "2026"]
[PlyCount "47"]
[EventDate "2023.11.03"]
[EventType "swiss"]
[EventRounds "6"]
[EventCountry "ENG"]
[SourceTitle "BritBase"]
[Source "John Saunders"]
[SourceDate "2025.02.10"]
[SourceVersion "1"]
[SourceVersionDate "2025.02.10"]
[SourceQuality "1"]

1. d4 d5 2. c4 c6 3. Nf3 Nf6 4. e3 Bg4 5. Qb3 Qb6 6. Be2 Nbd7 7. Nc3 e6 8. Bd2 Be7 9. O-O O-O 10. Rfd1 Ne4 11. Qc2 f5 12. Be1 Qd8 13. Ne5 Nxe5 14. dxe5 Nxc3 15. Bxc3 Bxe2 16. Qxe2 Qe8 17. b4 Qg6 18. b5 f4 19. Qd3 Rf5 20. exf4 Rxf4 21. Qxg6 hxg6 22. bxc6 bxc6 23. cxd5 cxd5 24. Bd4 1/2-1/2

[Event "Hampshire Open"]
[Site "Fareham"]
[Date "2023.11.05"]
[Round "5.2"]
[White "Northcott, Paul"]
[Black "Schell, Finn"]
[Result "0-1"]
[WhiteElo "1891"]
[BlackElo "1916"]
[PlyCount "64"]
[EventDate "2023.11.03"]
[EventType "swiss"]
[EventRounds "6"]
[EventCountry "ENG"]
[SourceTitle "BritBase"]
[Source "John Saunders"]
[SourceDate "2025.02.10"]
[SourceVersion "1"]
[SourceVersionDate "2025.02.10"]
[SourceQuality "1"]

1. e4 c6 2. f4 d5 3. Nc3 dxe4 4. Nxe4 Nf6 5. Nxf6+ exf6 6. Nf3 Bd6 7. d4 O-O 8. Be2 Qc7 9. g3 Bh3 10. Kf2 Re8 11. Re1 Nd7 12. Bf1 Bxf1 13. Kxf1 Nb6 14. Qd3 Qd7 15. Bd2 c5 16. c3 cxd4 17. cxd4 Qc6 18. Rxe8+ Rxe8 19. Re1 Rc8 20. Rc1 Qd5 21. Rxc8+ Nxc8 22. Qc3 Nb6 23. b3 g6 24. Kf2 Kg7 25. a4 Qe4 26. Qe3 Qc2 27. Ne1 Qb2 28. Kf3 Nd5 29. Qd3 Bb4 30. Bxb4 Nxb4 31. Qe3 Nc6 32. Nc2 Qxc2 0-1

[Event "Hampshire Open"]
[Site "Fareham"]
[Date "2023.11.05"]
[Round "5.3"]
[White "Pye, David E"]
[Black "Marsh, Roger DW"]
[Result "1-0"]
[WhiteElo "2141"]
[BlackElo "1940"]
[PlyCount "61"]
[EventDate "2023.11.03"]
[EventType "swiss"]
[EventRounds "6"]
[EventCountry "ENG"]
[SourceTitle "BritBase"]
[Source "John Saunders"]
[SourceDate "2025.02.10"]
[SourceVersion "1"]
[SourceVersionDate "2025.02.10"]
[SourceQuality "1"]

1. e4 g6 2. d4 Bg7 3. Nc3 c6 4. Nf3 d5 5. h3 Nf6 6. e5 Ne4 7. Nxe4 dxe4 8. Ng5 c5 9. Be3 O-O 10. dxc5 Qc7 11. Nxe4 Qxe5 12. Nc3 Be6 13. Bb5 Qc7 14. O-O Qa5 15. Qe2 Nc6 16. Bxc6 bxc6 17. Rfd1 Rfd8 18. Rxd8+ Rxd8 19. Rd1 Rb8 20. Qd2 h5 21. Bd4 Rxb2 22. Bxg7 Kxg7 23. Qd4+ Kh7 24. Ne4 Rb5 25. Ng5+ Kg8 26. Qe5 Bxa2 27. Qxe7 Rb8 28. Rd7 Rb1+ 29. Kh2 Qe1 30. Rd8+ Kg7 31. Ne4 1-0

[Event "Hampshire Open"]
[Site "Fareham"]
[Date "2023.11.05"]
[Round "5.4"]
[White "Hasson, Peter"]
[Black "Karasevics, Aleksandrs"]
[Result "1-0"]
[WhiteElo "2077"]
[BlackElo "1798"]
[PlyCount "103"]
[EventDate "2023.11.03"]
[EventType "swiss"]
[EventRounds "6"]
[EventCountry "ENG"]
[SourceTitle "BritBase"]
[Source "John Saunders"]
[SourceDate "2025.02.10"]
[SourceVersion "1"]
[SourceVersionDate "2025.02.10"]
[SourceQuality "1"]

1. c4 g6 2. Nc3 Bg7 3. d4 d6 4. e4 Nf6 5. Nf3 O-O 6. Be2 Nbd7 7. O-O e5 8. Rb1 a5 9. Re1 Re8 10. Bf1 h6 11. b3 Nh5 12. g3 Rf8 13. Bg2 c6 14. Ba3 c5 15. dxc5 dxc5 16. Qd2 Kh7 17. Rbd1 b6 18. Bb2 Qe7 19. Nd5 Qd6 20. Qc2 Nhf6 21. Bh3 g5 22. Bf5+ Kh8 23. Bc3 Re8 24. Qb2 Nh5 25. Ne3 Qe7 26. Rd5 f6 27. Red1 Nf8 28. Bxc8 Rexc8 29. Nf5 Qc7 30. Qd2 a4 31. Ne1 axb3 32. axb3 Ra3 33. Rb1 Ra7 34. Nd6 Ne6 35. Nxc8 Qxc8 36. Nf3 Nf8 37. Ra1 Rb7 38. Kg2 Nf4+ 39. gxf4 Qg4+ 40. Kf1 Qxf3 41. f5 Qh1+ 42. Ke2 Qxh2 43. Ra8 h5 44. Qd3 h4 45. Qf3 b5 46. Ra1 bxc4 47. bxc4 Qf4 48. Qxf4 exf4 49. Kf3 Nd7 50. Rad1 Nb6 51. Rd8+ Kh7 52. Rb1 1-0

[Event "Hampshire Open"]
[Site "Fareham"]
[Date "2023.11.05"]
[Round "5.6"]
[White "Anderson, Thomas R"]
[Black "Sandbrink, Kai"]
[Result "0-1"]
[WhiteElo "1894"]
[BlackElo "1870"]
[PlyCount "64"]
[EventDate "2023.11.03"]
[EventType "swiss"]
[EventRounds "6"]
[EventCountry "ENG"]
[SourceTitle "BritBase"]
[Source "John Saunders"]
[SourceDate "2025.02.10"]
[SourceVersion "1"]
[SourceVersionDate "2025.02.10"]
[SourceQuality "1"]

1. Nf3 Nf6 2. c4 g6 3. Nc3 Bg7 4. e4 c5 5. d4 cxd4 6. Nxd4 d6 7. Be2 O-O 8. O-O Nbd7 9. Be3 a6 10. Rc1 Nc5 11. f3 Rb8 12. b4 Ne6 13. Qd2 Re8 14. Rfd1 Bd7 15. f4 Nc7 16. h3 e5 17. fxe5 dxe5 18. Nb3 Bc6 19. Qc2 Qc8 20. Nd5 Ncxd5 21. cxd5 Ba4 22. Qb1 Qd8 23. Rc3 Bf8 24. d6 Bxb3 25. axb3 Re6 26. Bc4 Rxd6 27. Rcd3 Rxd3 28. Rxd3 Qe8 29. Bg5 Nxe4 30. Bh4 Bxb4 31. Re3 Nd6 32. Qb2 Bc5 0-1

[Event "Hampshire Open"]
[Site "Fareham"]
[Date "2023.11.05"]
[Round "5.7"]
[White "Cordner, David A"]
[Black "Thorburn, Richard"]
[Result "1/2-1/2"]
[WhiteElo "1949"]
[BlackElo "1871"]
[PlyCount "38"]
[EventDate "2023.11.03"]
[EventType "swiss"]
[EventRounds "6"]
[EventCountry "ENG"]
[SourceTitle "BritBase"]
[Source "John Saunders"]
[SourceDate "2025.02.10"]
[SourceVersion "1"]
[SourceVersionDate "2025.02.10"]
[SourceQuality "1"]

1. d4 Nf6 2. Bg5 e6 3. Nf3 h6 4. Bxf6 Qxf6 5. e3 d5 6. c4 c5 7. Nc3 cxd4 8. Nxd4 dxc4 9. Bxc4 Nd7 10. Ndb5 Qd8 11. Nd6+ Bxd6 12. Qxd6 Qe7 13. O-O-O Qxd6 14. Rxd6 a6 15. Rhd1 Ke7 16. Be2 Nf6 17. Bf3 Ra7 18. R6d4 b5 19. b4 Rd7 1/2-1/2

[Event "Hampshire Open"]
[Site "Fareham"]
[Date "2023.11.05"]
[Round "5.8"]
[White "Pradhan, Ayan"]
[Black "Deacon, Matthew"]
[Result "1/2-1/2"]
[WhiteElo "1741"]
[BlackElo "1889"]
[PlyCount "46"]
[EventDate "2023.11.03"]
[EventType "swiss"]
[EventRounds "6"]
[EventCountry "ENG"]
[SourceTitle "BritBase"]
[Source "John Saunders"]
[SourceDate "2025.02.10"]
[SourceVersion "1"]
[SourceVersionDate "2025.02.10"]
[SourceQuality "1"]

1. e4 c5 2. Nc3 g6 3. d4 cxd4 4. Qxd4 Nf6 5. Be3 Nc6 6. Qd2 Bg7 7. f3 d6 8. Nge2 Bd7 9. Nf4 Qa5 10. Ncd5 Qxd2+ 11. Bxd2 Nxd5 12. Nxd5 Rc8 13. c3 e6 14. Nf4 a6 15. Rd1 Ke7 16. Be2 Ne5 17. Kf1 Rhd8 18. Nd3 Nxd3 19. Bxd3 h6 20. h4 Bc6 21. Kf2 b5 22. Rhe1 Bb7 23. a3 Rd7 1/2-1/2

[Event "Hampshire Open"]
[Site "Fareham"]
[Date "2023.11.05"]
[Round "5.9"]
[White "Knight, Colin B"]
[Black "Pradhan, Abhishek"]
[Result "1/2-1/2"]
[WhiteElo "1710"]
[BlackElo "1884"]
[PlyCount "97"]
[EventDate "2023.11.03"]
[EventType "swiss"]
[EventRounds "6"]
[EventCountry "ENG"]
[SourceTitle "BritBase"]
[Source "John Saunders"]
[SourceDate "2025.02.10"]
[SourceVersion "1"]
[SourceVersionDate "2025.02.10"]
[SourceQuality "1"]

1. d4 f5 2. c4 Nf6 3. Nc3 g6 4. f3 Bg7 5. e4 fxe4 6. fxe4 d6 7. Nf3 O-O 8. Be2 Nc6 9. d5 Nb4 10. O-O e5 11. a3 Na6 12. b4 c6 13. Bg5 c5 14. Rb1 b6 15. Qd2 Bd7 16. h3 Qc8 17. Nh2 cxb4 18. axb4 Nxb4 19. Bxf6 Bxf6 20. Nb5 Na6 21. Kh1 Bxb5 22. cxb5 Nc5 23. Qb4 Qd8 24. Nf3 Bg5 25. Nxg5 Qxg5 26. Bf3 Rf6 27. Qc4 Raf8 28. Ra1 R8f7 29. Rae1 Qd2 30. Rd1 Qe3 31. Rfe1 Qg5 32. Rf1 Rf4 33. Rde1 Qh4 34. Qe2 h5 35. Kh2 Qf6 36. Kg1 Qg5 37. Kh2 h4 38. Kg1 Kg7 39. Kh1 Nb3 40. Bg4 Nd4 41. Qd3 Rxf1+ 42. Rxf1 Rxf1+ 43. Qxf1 Qf4 44. Qc4 Qxe4 45. Qc7+ Kh6 46. Qxd6 Qf4 47. Qd8 Nf5 48. Qh8+ Kg5 49. Qd8+ 1/2-1/2

[Event "Hampshire Open"]
[Site "Fareham"]
[Date "2023.11.05"]
[Round "5.10"]
[White "Coburn, Joseph A"]
[Black "Hordnes, Niclas"]
[Result "0-1"]
[WhiteElo "1859"]
[BlackElo "1777"]
[PlyCount "42"]
[EventDate "2023.11.03"]
[EventType "swiss"]
[EventRounds "6"]
[EventCountry "ENG"]
[SourceTitle "BritBase"]
[Source "John Saunders"]
[SourceDate "2025.02.10"]
[SourceVersion "1"]
[SourceVersionDate "2025.02.10"]
[SourceQuality "1"]

1. e4 e5 2. Nf3 Nc6 3. Bc4 Nf6 4. Ng5 d5 5. exd5 b5 6. Nxf7 Kxf7 7. Bxb5 Qxd5 8. Nc3 Qxg2 9. Rf1 Nd4 10. Bc4+ Ke8 11. Be2 Bh3 12. f3 Nxe2 13. Qxe2 Qxf1+ 14. Qxf1 Bxf1 15. Kxf1 Bd6 16. d3 Rf8 17. Bd2 Rb8 18. b3 Kd7 19. Ne2 e4 20. f4 exd3 21. cxd3 Nd5 0-1

[Event "Hampshire Open"]
[Site "Fareham"]
[Date "2023.11.05"]
[Round "5.11"]
[White "Moore, Gillian A"]
[Black "Spirling, Florence"]
[Result "0-1"]
[WhiteElo "1702"]
[BlackElo "1624"]
[PlyCount "160"]
[EventDate "2023.11.03"]
[EventType "swiss"]
[EventRounds "6"]
[EventCountry "ENG"]
[SourceTitle "BritBase"]
[Source "John Saunders"]
[SourceDate "2025.02.10"]
[SourceVersion "1"]
[SourceVersionDate "2025.02.10"]
[SourceQuality "1"]

1. d4 Nf6 2. Bg5 d5 3. Bxf6 gxf6 4. e3 Bf5 5. Bd3 Bg6 6. Ne2 c6 7. Ng3 Rg8 8. f4 e6 9. O-O Bxd3 10. Qxd3 f5 11. Nd2 Nd7 12. Nf3 Bh6 13. c4 dxc4 14. Qxc4 Nb6 15. Qb3 Qd5 16. Nd2 Qxb3 17. Nxb3 Nc4 18. e4 fxe4 19. Nxe4 Ke7 20. Rf2 Ne3 21. g3 Nd5 22. Kh1 Ne3 23. Re2 Nf5 24. Rd1 Rad8 25. Rd3 Bg7 26. Red2 Nd6 27. Ng5 h6 28. Nf3 Nb5 29. a4 Nc7 30. Na5 Rb8 31. Ne5 Bxe5 32. dxe5 Nd5 33. Nc4 Rgd8 34. Kg2 Kf8 35. Kf3 Rd7 36. Ne3 Rbd8 37. Ng4 h5 38. Nf2 Nb6 39. Rxd7 Nxd7 40. h4 Nxe5+ 41. Ke2 Rxd2+ 42. Kxd2 Nc4+ 43. Kc3 Ne3 44. Ne4 Ke7 45. Kd3 Nd1 46. Kc2 Ne3+ 47. Kd3 Nd5 48. b3 b6 49. Nd2 Nc7 50. Ne4 Ne8 51. Nf2 Nf6 52. Kc4 Kd6 53. Kd4 c5+ 54. Kc4 a6 55. Kd3 Kd5 56. Nd1 Kc6 57. Nf2 b5 58. Nh3 Kd6 59. Ng5 Ke7 60. Nf3 Ne8 61. axb5 axb5 62. Kc3 f6 63. Nh2 Ng7 64. g4 hxg4 65. Nxg4 Nh5 66. f5 exf5 67. Ne3 Ke6 68. Kd3 f4 69. Nf1 Kf5 70. Nd2 Kg4 71. Ne4 c4+ 72. bxc4 bxc4+ 73. Kxc4 Kxh4 74. Kd3 f5 75. Nd2 Kg4 76. Ke2 Ng3+ 77. Ke1 f3 78. Nf1 Nxf1 79. Kxf1 Kg3 80. Ke1 Kg2 0-1

[Event "Hampshire Open"]
[Site "Fareham"]
[Date "2023.11.05"]
[Round "5.12"]
[White "Kirk, Matthew"]
[Black "Crosswell, Neil"]
[Result "1/2-1/2"]
[WhiteElo "1752"]
[BlackElo "1752"]
[PlyCount "75"]
[EventDate "2023.11.03"]
[EventType "swiss"]
[EventRounds "6"]
[EventCountry "ENG"]
[SourceTitle "BritBase"]
[Source "John Saunders"]
[SourceDate "2025.02.10"]
[SourceVersion "1"]
[SourceVersionDate "2025.02.10"]
[SourceQuality "1"]

1. d4 Nf6 2. c4 g6 3. Nc3 Bg7 4. e4 d6 5. h3 O-O 6. Nf3 Nbd7 7. Bd3 e5 8. d5 a5 9. Be3 b6 10. O-O Nc5 11. Rc1 Ne8 12. a3 Nxd3 13. Qxd3 f5 14. Bg5 Nf6 15. Nd2 h6 16. Bxf6 Qxf6 17. exf5 gxf5 18. f4 e4 19. Qe2 Qg6 20. b3 Bd7 21. Nb5 Rac8 22. a4 h5 23. Qe3 Kh8 24. Kh2 Rg8 25. Rf2 h4 26. Re2 Bf6 27. Nf1 Qg7 28. Rd1 Be8 29. Nd4 Qd7 30. Rdd2 Bf7 31. Qf2 Bh5 32. Re1 Bg6 33. Ne3 Bh7 34. Ree2 Rg3 35. Nf1 Rcg8 36. Ne3 Bxd4 37. Rxd4 Qg7 38. Rdd2 1/2-1/2

[Event "Hampshire Open"]
[Site "Fareham"]
[Date "2023.11.05"]
[Round "5.13"]
[White "Moore, John"]
[Black "Melling, Hugo"]
[Result "1/2-1/2"]
[WhiteElo "1639"]
[BlackElo "1717"]
[PlyCount "30"]
[EventDate "2023.11.03"]
[EventType "swiss"]
[EventRounds "6"]
[EventCountry "ENG"]
[SourceTitle "BritBase"]
[Source "John Saunders"]
[SourceDate "2025.02.10"]
[SourceVersion "1"]
[SourceVersionDate "2025.02.10"]
[SourceQuality "1"]

1. e4 c6 2. d4 d5 3. exd5 cxd5 4. c4 e6 5. Nc3 Nf6 6. Nf3 Bb4 7. cxd5 Nxd5 8. Bb5+ Bd7 9. Bxd7+ Nxd7 10. Bd2 N7b6 11. O-O O-O 12. Nxd5 Nxd5 13. Bxb4 Nxb4 14. Qb3 Qe7 15. Rfe1 Rfd8 1/2-1/2

[Event "Hampshire Open"]
[Site "Fareham"]
[Date "2023.11.05"]
[Round "6.1"]
[White "Schell, Finn"]
[Black "Cave, Iwan"]
[Result "1/2-1/2"]
[WhiteElo "1916"]
[BlackElo "2212"]
[PlyCount "50"]
[EventDate "2023.11.03"]
[EventType "swiss"]
[EventRounds "6"]
[EventCountry "ENG"]
[SourceTitle "BritBase"]
[Source "John Saunders"]
[SourceDate "2025.02.10"]
[SourceVersion "1"]
[SourceVersionDate "2025.02.10"]
[SourceQuality "1"]

1. e4 e5 2. Nf3 Nf6 3. Nxe5 d6 4. Nf3 Nxe4 5. d4 d5 6. Bd3 Nc6 7. O-O Be7 8. Re1 Bg4 9. c3 f5 10. Be2 O-O 11. Nfd2 Bxe2 12. Qxe2 Bd6 13. g3 Qf6 14. f4 Nd8 15. Nf3 Qf7 16. b3 c5 17. Bb2 Nc6 18. Ne5 Bxe5 19. dxe5 Qe6 20. Nd2 Nxd2 21. Qxd2 Rad8 22. Qf2 b6 23. Rad1 Rd7 24. Rd2 Rfd8 25. Red1 g6 1/2-1/2

[Event "Hampshire Open"]
[Site "Fareham"]
[Date "2023.11.05"]
[Round "6.2"]
[White "Bird, Tom"]
[Black "Pye, David E"]
[Result "1-0"]
[WhiteElo "2026"]
[BlackElo "2141"]
[PlyCount "87"]
[EventDate "2023.11.03"]
[EventType "swiss"]
[EventRounds "6"]
[EventCountry "ENG"]
[SourceTitle "BritBase"]
[Source "John Saunders"]
[SourceDate "2025.02.10"]
[SourceVersion "1"]
[SourceVersionDate "2025.02.10"]
[SourceQuality "1"]

1. Nf3 d5 2. g3 Bg4 3. Bg2 Bxf3 4. Bxf3 c6 5. d3 Nf6 6. O-O Nbd7 7. e4 e6 8. Bg2 h5 9. h4 dxe4 10. dxe4 Qc7 11. Nd2 Bc5 12. Nb3 Bb6 13. Bf4 e5 14. Bd2 O-O-O 15. Qe2 Kb8 16. a4 a6 17. a5 Ba7 18. Be3 Bxe3 19. Qxe3 c5 20. Bh3 c4 21. Nd2 c3 22. bxc3 Qc5 23. Rfe1 Qxe3 24. Rxe3 Nc5 25. Nf3 Nfxe4 26. Nxe5 Nd6 27. Rb1 Ka8 28. Nd3 Nce4 29. c4 Nd2 30. Ra1 N2xc4 31. Re7 Rhe8 32. Rc7 Kb8 33. Rc5 g6 34. Rb1 Re7 35. Nb4 Ka7 36. Nd5 Re5 37. Bg2 Nd2 38. Rb6 Re1+ 39. Kh2 Rb1 40. Nb4 Ra1 41. Rc7 Rc8 42. Nc6+ Ka8 43. Rxa6+ bxa6 44. Ra7# 1-0

[Event "Hampshire Open"]
[Site "Fareham"]
[Date "2023.11.05"]
[Round "6.3"]
[White "Northcott, Paul"]
[Black "Hasson, Peter"]
[Result "0-1"]
[WhiteElo "1891"]
[BlackElo "2077"]
[PlyCount "90"]
[EventDate "2023.11.03"]
[EventType "swiss"]
[EventRounds "6"]
[EventCountry "ENG"]
[SourceTitle "BritBase"]
[Source "John Saunders"]
[SourceDate "2025.02.10"]
[SourceVersion "1"]
[SourceVersionDate "2025.02.10"]
[SourceQuality "1"]

1. e4 d6 2. d4 Nf6 3. Bd3 e5 4. Be3 Ng4 5. Nf3 Nxe3 6. fxe3 Nd7 7. Bc4 Be7 8. O-O O-O 9. Nc3 c6 10. Ne2 Bf6 11. c3 Qe7 12. Ng3 g6 13. Nd2 b5 14. Bb3 Kg7 15. Qg4 Kh8 16. Qf3 Bg5 17. a4 a6 18. axb5 cxb5 19. Bd5 Rb8 20. Nb3 Nb6 21. Na5 Bd7 22. Rfe1 Qe8 23. Nf1 Nxd5 24. exd5 e4 25. Qg3 Be7 26. Nd2 f5 27. c4 Qf7 28. b3 bxc4 29. Naxc4 Qxd5 30. Rxa6 f4 31. exf4 Qxd4+ 32. Qe3 Qxe3+ 33. Nxe3 Bb5 34. Ra7 Bd8 35. Nxe4 Bb6 36. Re7 Rfe8 37. Rxe8+ Rxe8 38. Nxd6 Rxe3 39. Rxe3 Bxe3+ 40. Kh1 Bd7 41. Nf7+ Kg7 42. Ne5 Bc8 43. b4 Bxf4 44. Nf3 Bb7 45. Nd4 Kf6 0-1

[Event "Hampshire Open"]
[Site "Fareham"]
[Date "2023.11.05"]
[Round "6.4"]
[White "Sandbrink, Kai"]
[Black "Clancy, Martin J"]
[Result "1/2-1/2"]
[WhiteElo "1870"]
[BlackElo "1809"]
[PlyCount "86"]
[EventDate "2023.11.03"]
[EventType "swiss"]
[EventRounds "6"]
[EventCountry "ENG"]
[SourceTitle "BritBase"]
[Source "John Saunders"]
[SourceDate "2025.02.10"]
[SourceVersion "1"]
[SourceVersionDate "2025.02.10"]
[SourceQuality "1"]

1. d4 Nf6 2. c4 g6 3. Nf3 Bg7 4. g3 O-O 5. Bg2 d6 6. O-O Nbd7 7. Nc3 e5 8. e4 a5 9. h3 exd4 10. Nxd4 Nc5 11. Re1 Re8 12. Rb1 a4 13. Bg5 h6 14. Bf4 g5 15. Bc1 Bd7 16. g4 Qe7 17. Nf5 Bxf5 18. gxf5 Qe5 19. Nd5 Nxd5 20. cxd5 Re7 21. Bd2 Qd4 22. Bc3 Qxd1 23. Rbxd1 Bxc3 24. bxc3 Rae8 25. Rd4 Re5 26. Re3 Kg7 27. Kh2 Kf6 28. Kg3 R8e7 29. Kf3 h5 30. Bf1 Re8 31. Bb5 Ra8 32. Re1 Ra5 33. Rb1 g4+ 34. hxg4 hxg4+ 35. Kf4 Ra8 36. Rh1 a3 37. Rh6+ Kg7 38. Rh4 Rh8 39. Rxg4+ Kf6 40. Ke3 Rh1 41. Rd2 Re1+ 42. Re2 Rd1 43. f3 Rdxd5 1/2-1/2

[Event "Hampshire Open"]
[Site "Fareham"]
[Date "2023.11.05"]
[Round "6.5"]
[White "Hordnes, Niclas"]
[Black "Cordner, David A"]
[Result "0-1"]
[WhiteElo "1777"]
[BlackElo "1949"]
[PlyCount "60"]
[EventDate "2023.11.03"]
[EventType "swiss"]
[EventRounds "6"]
[EventCountry "ENG"]
[SourceTitle "BritBase"]
[Source "John Saunders"]
[SourceDate "2025.02.10"]
[SourceVersion "1"]
[SourceVersionDate "2025.02.10"]
[SourceQuality "1"]

1. d4 Nf6 2. Nc3 e6 3. Bf4 c5 4. e3 cxd4 5. exd4 Bb4 6. Bd3 O-O 7. Nf3 b6 8. O-O Bb7 9. a3 Bxc3 10. bxc3 d5 11. Re1 Nbd7 12. c4 dxc4 13. Bxc4 Nd5 14. Bg3 N7f6 15. Bd3 Nc3 16. Qd2 Rc8 17. Bh4 Bxf3 18. gxf3 Ncd5 19. c4 Ne7 20. Bxf6 gxf6 21. Kh1 Kg7 22. Rg1+ Ng6 23. h4 Qxd4 24. f4 Rc5 25. Qe2 Qxf4 26. Rg4 Qe5 27. Rd1 Rd8 28. Qf1 Rxd3 29. Re1 Qc3 30. Kh2 Rxc4 0-1

[Event "Hampshire Open"]
[Site "Fareham"]
[Date "2023.11.05"]
[Round "6.6"]
[White "Spirling, Florence"]
[Black "Anderson, Thomas R"]
[Result "1/2-1/2"]
[WhiteElo "1624"]
[BlackElo "1894"]
[PlyCount "91"]
[EventDate "2023.11.03"]
[EventType "swiss"]
[EventRounds "6"]
[EventCountry "ENG"]
[SourceTitle "BritBase"]
[Source "John Saunders"]
[SourceDate "2025.02.10"]
[SourceVersion "1"]
[SourceVersionDate "2025.02.10"]
[SourceQuality "1"]

1. d4 d6 2. c4 e5 3. dxe5 dxe5 4. Qxd8+ Kxd8 5. Nc3 Be6 6. e4 c6 7. Be3 Kc7 8. O-O-O Nd7 9. f4 f6 10. f5 Bf7 11. a3 a5 12. Bd3 Bc5 13. Kd2 Ne7 14. Nf3 Nc8 15. Na4 Bxe3+ 16. Kxe3 b6 17. b3 Nd6 18. Rc1 Nb7 19. Nd2 Rhd8 20. Rhd1 Ndc5 21. Nxc5 Nxc5 22. Bc2 Rd7 23. Nf3 Rad8 24. Rxd7+ Rxd7 25. Rd1 Rxd1 26. Bxd1 b5 27. cxb5 Bxb3 28. Bxb3 Nxb3 29. bxc6 Kxc6 30. Nd2 Nc5 31. g4 Kb5 32. h4 h6 33. h5 a4 34. Ke2 Nb3 35. Nf1 Kc4 36. Ne3+ Kc3 37. Nd1+ Kc2 38. Ne3+ Kc1 39. Kd3 Kb2 40. Nc4+ Ka2 41. Kc3 Nc5 42. Kb4 Nxe4 43. Kxa4 Nc3+ 44. Kb4 Nd5+ 45. Kc5 Nc3 46. Kb4 1/2-1/2

[Event "Hampshire Open"]
[Site "Fareham"]
[Date "2023.11.05"]
[Round "6.7"]
[White "Marsh, Roger DW"]
[Black "Knight, Colin B"]
[Result "0-1"]
[WhiteElo "1940"]
[BlackElo "1710"]
[PlyCount "92"]
[EventDate "2023.11.03"]
[EventType "swiss"]
[EventRounds "6"]
[EventCountry "ENG"]
[SourceTitle "BritBase"]
[Source "John Saunders"]
[SourceDate "2025.02.10"]
[SourceVersion "1"]
[SourceVersionDate "2025.02.10"]
[SourceQuality "1"]

1. Nf3 Nf6 2. g3 g6 3. Bg2 Bg7 4. O-O O-O 5. c4 c5 6. Nc3 Nc6 7. Rb1 d6 8. a3 Bf5 9. d3 Qd7 10. Qc2 Bh3 11. b4 Bxg2 12. Kxg2 Nd4 13. Nxd4 cxd4 14. Ne4 Nxe4 15. dxe4 b6 16. Bb2 Rac8 17. Qd3 e5 18. Rbc1 Qe6 19. Rc2 Rc7 20. Rfc1 Rfc8 21. e3 Bh6 22. a4 f5 23. Ba3 f4 24. gxf4 dxe3 25. fxe3 exf4 26. exf4 Bxf4 27. Rf1 Be5 28. c5 dxc5 29. bxc5 bxc5 30. Qc4 Qxc4 31. Rxc4 Bd4 32. Re1 Kf7 33. Re2 Ke6 34. Bc1 Rb7 35. Be3 Bxe3 36. Rxe3 Rb4 37. Rec3 Rxc4 38. Rxc4 a5 39. Kf3 Ke5 40. Ke3 g5 41. Rc1 c4 42. Rg1 h6 43. h4 c3 44. hxg5 c2 45. Rc1 hxg5 46. Kf3 Rc3+ 0-1

[Event "Hampshire Open"]
[Site "Fareham"]
[Date "2023.11.05"]
[Round "6.8"]
[White "Deacon, Matthew"]
[Black "Pradhan, Abhishek"]
[Result "0-1"]
[WhiteElo "1889"]
[BlackElo "1884"]
[PlyCount "92"]
[EventDate "2023.11.03"]
[EventType "swiss"]
[EventRounds "6"]
[EventCountry "ENG"]
[SourceTitle "BritBase"]
[Source "John Saunders"]
[SourceDate "2025.02.10"]
[SourceVersion "1"]
[SourceVersionDate "2025.02.10"]
[SourceQuality "1"]

1. d4 f5 2. c4 Nf6 3. Nf3 g6 4. g3 Bg7 5. Bg2 d6 6. O-O O-O 7. Nc3 Qe8 8. d5 h6 9. Nb5 Na6 10. Be3 Bd7 11. Nxa7 Ne4 12. Qc2 Ba4 13. b3 Bxa1 14. Rxa1 Bd7 15. Nb5 Kh7 16. Nfd4 Nec5 17. Qc1 g5 18. a3 Rb8 19. b4 Ne4 20. Qc2 c6 21. Bxe4 fxe4 22. Qxe4+ Qg6 23. Qxg6+ Kxg6 24. Nc3 Ra8 25. Na4 c5 26. Nb6 cxd4 27. Nxd7 Rfd8 28. Nb6 dxe3 29. Nxa8 exf2+ 30. Kxf2 Rxa8 31. Rc1 Rc8 32. Ke3 Nc7 33. Kd4 Nb5+ 34. Kd3 Nxa3 35. c5 Nb5 36. Kc4 Na3+ 37. Kb3 dxc5 38. bxc5 Nb5 39. Kc4 Nd6+ 40. Kd4 Nb5+ 41. Kc4 Nd6+ 42. Kd4 Kf7 43. cxd6 Rxc1 44. d7 e5+ 45. dxe6+ Ke7 46. Ke5 b5 0-1

[Event "Hampshire Open"]
[Site "Fareham"]
[Date "2023.11.05"]
[Round "6.9"]
[White "Thorburn, Richard"]
[Black "Pradhan, Ayan"]
[Result "1-0"]
[WhiteElo "1871"]
[BlackElo "1741"]
[PlyCount "91"]
[EventDate "2023.11.03"]
[EventType "swiss"]
[EventRounds "6"]
[EventCountry "ENG"]
[SourceTitle "BritBase"]
[Source "John Saunders"]
[SourceDate "2025.02.10"]
[SourceVersion "1"]
[SourceVersionDate "2025.02.10"]
[SourceQuality "1"]

1. d4 Nf6 2. c4 e6 3. Nc3 d5 4. cxd5 exd5 5. Bg5 Be7 6. Qc2 c6 7. e3 b6 8. Bd3 h6 9. Bh4 Bb7 10. Nf3 Nbd7 11. O-O O-O 12. Rac1 c5 13. Qe2 Ne4 14. Bxe7 Qxe7 15. Rfe1 Ndf6 16. Ne5 Nxc3 17. bxc3 Rac8 18. f3 c4 19. Bb1 Nh7 20. Qc2 g6 21. Rf1 Rc6 22. Nxc6 Qxe3+ 23. Kh1 Bxc6 24. Rce1 Qg5 25. Re5 Qf6 26. Rfe1 Ng5 27. Qe2 Ne6 28. Qe3 Kg7 29. Qf2 b5 30. a3 a5 31. Qd2 Qf4 32. Qxf4 Nxf4 33. g3 Nh5 34. Re7 Nf6 35. Ra7 a4 36. Kg2 h5 37. h3 h4 38. g4 Nh7 39. f4 Nf6 40. Kf3 Ne4 41. Bxe4 dxe4+ 42. Ke3 Bd5 43. Rd7 Bc6 44. Rc7 Ba8 45. Rb1 Rb8 46. Rxc4 1-0

[Event "Hampshire Open"]
[Site "Fareham"]
[Date "2023.11.05"]
[Round "6.10"]
[White "Karasevics, Aleksandrs"]
[Black "Moore, John"]
[Result "1-0"]
[WhiteElo "1798"]
[BlackElo "1639"]
[PlyCount "99"]
[EventDate "2023.11.03"]
[EventType "swiss"]
[EventRounds "6"]
[EventCountry "ENG"]
[SourceTitle "BritBase"]
[Source "John Saunders"]
[SourceDate "2025.02.10"]
[SourceVersion "1"]
[SourceVersionDate "2025.02.10"]
[SourceQuality "1"]

1. e4 c5 2. Nf3 d6 3. d4 cxd4 4. Nxd4 Nf6 5. Nc3 Nc6 6. Be2 e6 7. O-O Be7 8. Kh1 O-O 9. Be3 Re8 10. f4 Bd7 11. Qd2 Nxd4 12. Bxd4 Bc6 13. Qe3 b6 14. Bd3 Nd7 15. e5 dxe5 16. fxe5 Bc5 17. Qh3 Bxg2+ 18. Kxg2 Qg5+ 19. Kh1 Bxd4 20. Qxh7+ Kf8 21. Ne4 Qh6 22. Nd6 Qxh7 23. Rxf7+ Kg8 24. Bxh7+ Kxh7 25. Nxe8 Rxe8 26. Rxd7 Bxb2 27. Re1 a5 28. Rd6 b5 29. Rb6 b4 30. Ra6 Rc8 31. Re2 Rc4 32. Rxa5 Rg4 33. h3 Rg6 34. Kh2 Kh6 35. Re4 Kh5 36. Ra4 Bc3 37. a3 bxa3 38. Rxa3 Bd2 39. Rg3 Rxg3 40. Kxg3 g5 41. Kf3 Bc3 42. Re3 Bd4 43. Re4 Bc3 44. Rc4 Bxe5 45. Re4 Bb2 46. Rxe6 Bc3 47. Rc6 Be5 48. c4 Bg7 49. c5 Kh4 50. Rg6 1-0